Lawns and lawn care

Bibliographic Details
Main Author: Courtier, Jane
Format: Book
Published: London : Marshall Publishing Ltd. , 2001
Subjects:

MARC

LEADER 00000cam a2200000 7i4500
001 0000075310
005 20040129.0
020 |a 1840284676 
090 0 0 |a 635.9647   |b COU 
100 1 |a Courtier, Jane 
245 1 0 |a Lawns and lawn care   |c Jane Courtier 
260 |a London :   |b Marshall Publishing Ltd. ,   |c 2001 
300 |a 112p. ;   |c 22cm. 
500 |a Includes bibliographical references 
650 0 0 |a Lawns 
999 |a 00161405   |b BUKU   |c PINJAMAN   |e PERPUSTAKAAN KOMUNITI PETALING JAYA